ដំណាំកៅស៊ូជាលក្ខណៈគ្រួសារ នៅស្រុកមេមត់ ខេត្តកំពង់ចាម (Record no. 304)
[ view plain ]
| 000 -LEADER | |
|---|---|
| fixed length control field | 00529nam a22001577a 4500 |
| 003 - CONTROL NUMBER IDENTIFIER | |
| control field | OSt |
| 005 - DATE AND TIME OF LATEST TRANSACTION | |
| control field | 20150912135821.0 |
| 008 - FIXED-LENGTH DATA ELEMENTS--GENERAL INFORMATION | |
| fixed length control field | 150912b xxu||||| |||| 00| 0 eng d |
| 040 ## - CATALOGING SOURCE | |
| Transcribing agency | RUA |
| 082 ## - DEWEY DECIMAL CLASSIFICATION NUMBER | |
| Classification number | AGR ពិន 1996 BOO17 Or.1 |
| 100 ## - MAIN ENTRY--PERSONAL NAME | |
| 9 (RLIN) | 325 |
| Personal name | ពិន ប៉ូលី |
| 245 ## - TITLE STATEMENT | |
| Title | ដំណាំកៅស៊ូជាលក្ខណៈគ្រួសារ នៅស្រុកមេមត់ ខេត្តកំពង់ចាម |
| 260 ## - PUBLICATION, DISTRIBUTION, ETC. (IMPRINT) | |
| Place of publication, distribution, etc. | phnom phen |
| Name of publisher, distributor, etc. | RUA |
| Date of publication, distribution, etc. | 1996 |
| 300 ## - PHYSICAL DESCRIPTION | |
| Extent | 36p. |
| Other physical details | ill. |
| Dimensions | 29cm. |
| 942 ## - ADDED ENTRY ELEMENTS (KOHA) | |
| Source of classification or shelving scheme | |
| Koha item type | AGR |
| Price effective from | Date last seen | Permanent Location | Not for loan | Date acquired | Source of classification or shelving scheme | Koha item type | Lost status | Withdrawn status | Total Renewals | Date last checked out | Total Checkouts | Shelving location | Damaged status | Barcode | Current Location | Full call number |
|---|---|---|---|---|---|---|---|---|---|---|---|---|---|---|---|---|
| 2015-09-12 | 2017-01-19 | Library Block B | 2015-09-12 | AGR | 2017-01-17 | 1 | B017 | RUA003845 | Library Block B | AGR ពិន 1996 BOO17 Or.1 | ||||||
| 2015-09-12 | 2015-09-12 | Library Block B | 2015-09-12 | AGR | B017 | RUA003772 | Library Block B | AGR ពិន 1996 BOO17 Or.2 | ||||||||
| 2015-09-12 | 2015-09-12 | Library Block B | 2015-09-12 | AGR | B017 | RUA003844 | Library Block B | AGR ពិន 1996 BOO17 Or.3 | ||||||||
| 2015-09-12 | 2023-02-20 | Library Block B | 2015-09-12 | AGR | 1 | 2023-01-20 | 2 | B017 | RUA008065 | Library Block B | AGR ពិន 1996 BOO17 Or4. | |||||
| 2015-09-12 | 2015-09-12 | Library Block B | 2015-09-12 | AGR | B017 | RUA007038 | Library Block B | AGR ពិន 1996 BOO17 Or.5 | ||||||||
| 2015-09-12 | 2015-09-12 | Library Block B | 2015-09-12 | AGR | RUA008064 | Library Block B | AGR ពិន 1996 BOO17 Or.6 |